NFL all time team - Statistics

General Stats
  • This quiz has been taken 72 times
  • The average score is 16 of 32
Answer Stats
Position Year Drafted Answer % Correct
QB 2000 Tom Brady
98%
WR 1985 Jerry Rice
89%
QB 1979 Joe Montana
89%
WR 1998 Randy Moss
83%
RB 1989 Barry Sanders
82%
RB 1990 Emmitt Smith
82%
CB 1989 Deion Sanders
80%
WR 2007 Calvin Johnson
74%
FB 1957 Jim Brown
64%
DE 2011 J.J Watt
62%
WR 2004 Larry Fitzgerald
62%
RB 1975 Walter Payton
59%
LB 1996 Ray Lewis
58%
LB 1981 Lawrence Taylor
56%
S 2002 Ed Reed
55%
DE 1984 Reggie White
55%
S 2003 Troy Polamalu
50%
LT 1980 Anthony Munoz
42%
CB 1998 Charles Woodson
42%
WR 1996 Terrell Owens
42%
CB 1983 Darrell Green
38%
LB 1965 Dick Butkus
36%
CB 1999 Champ Bailey
33%
CB 2011 Richard Sherman
32%
S 1981 Ronnie Lott
32%
DT 1995 Warren Sapp
30%
RG 1983 Bruce Matthews
17%
DT 1990 John Randle
14%
RT 1956 Forrest Gregg
9%
LB 1990 Junior Seau
9%
LG 2016 Joe Thuney
8%
C 1939 Charley Brock
0%
No matching quizzes found
Score Distribution
Percent of People with Each Score
Percentile by Number Answered
Your Score History
You have not taken this quiz